000 00459nam a2200145 a 4500
008 120416s0000 ||||||||||||||||| || u
020 _a0091524601
050 _aPR 6069.I4 Sla
100 _aSlaughter, Frank G
245 1 0 _aDoctors at risk
260 _aLondon
_bHutchinson
_c1983
300 _a374p.
350 _a0.00
995 _D0.00
_FCBU-MAIN LIBRARY (Kitwe)
_H1
_I7.95
_M1
_UAVAILABLE
_ZFiction Collection
999 _c40387
_d40387